000
00295nam a2200109 4500
008
160623b xxu||||| |||| 00| 0 eng d
100
_9
714
_a
Thane, E
245
_a
The Strength of the Hills
260
_a
N.Y
_b
Christian Herald House
_c
1976
300
_a
The Strength of the Hills
942
_2
ddc
_c
BK
999
_c
578
_d
578